Countries with Highest Expat Populations in the UAE - Statistics

General Stats
  • This quiz has been taken 119 times
  • The average score is 13 of 17
Answer Stats
Estimated Number Answer % Correct
2,800,000 India
98%
>1,200,000 Pakistan
95%
400,000-500,000 Iran
91%
180,000 China
90%
400,000 Egypt
88%
240,000 United Kingdom
87%
>100,000 Iraq
85%
>242,000 Syria
85%
>500,000 Bangladesh
84%
700,000 Philippines
82%
100,000 Indonesia
79%
300,000 Afghanistan
71%
300,000 Sri Lanka
71%
250,000 Jordan
70%
125,250 Nepal
64%
100,000 Morocco
57%
100,000 Ethiopia
51%
No matching quizzes found
Score Distribution
Percent of People with Each Score
Percentile by Number Answered
Your Score History
You have not taken this quiz